000 00311nam a2200121Ia 4500
008 220204s9999 xx 000 0 und d
082 _a575:631.523
_bKUC
245 0 _aFundamentals of plant breeding
260 _aBerlin
_bSpringer Verlag
_c1991
650 _aPlant breeding
700 _aKuckuck, H
942 _cBK
999 _c40232
_d40232